| 000 | 00458nam a22001577a 4500 | ||
|---|---|---|---|
| 008 | 230612b |||||||| |||| 00| 0 eng d | ||
| 020 | _a0 85152 801 5 | ||
| 040 |
_aNational Science Library _cNational Science Library |
||
| 080 |
_aR 912(100) _bL3 |
||
| 100 |
_aBartholomew, John C _911499 |
||
| 245 | _aEdinburgh world atlas | ||
| 260 |
_aEdinburgh: _bJohn Bartholomew & Son Ltd, _c1973 |
||
| 650 | _aGeography | ||
| 653 | _aAtlas | ||
| 942 |
_2udc _cREF |
||
| 999 |
_c42419 _d42419 |
||